[Event "ISR-chT"]
[Site "Israel"]
[Date "1999.01.08"]
[Round "1"]
[White "Kaspi, Alexander"]
[Black "Bruk, Ofer"]
[Result "0-1"]
[WhiteElo "2510"]
[BlackElo "2395"]
[Annotator "Kaspi,A"]
[PlyCount "60"]
[EventDate "1999.01.??"]
[EventType "team"]
[EventRounds "11"]
[EventCountry "ISR"]
[SourceTitle "CBM 071"]
[Source "ChessBase"]
[SourceDate "1999.08.01"]
[SourceVersion "1"]
[SourceVersionDate "1999.08.01"]
[SourceQuality "1"]

1. d4 {Tyomkin,D} Nf6 2. c4 e6 3. Nc3 d5 4. cxd5 exd5 5. Bg5 c6 6. e3 Bf5 7.
Bd3 Bxd3 8. Qxd3 Nbd7 (8... Be7 9. Nge2 Ne4 10. Bxe7 (10. Nxe4 dxe4 11. Qxe4 $4
Qa5+) 10... Qxe7 11. f3 Nxc3 12. bxc3 O-O 13. e4 dxe4 14. fxe4 $14 {[%csl Gd4,
Ge4] 1-0 Leitao,R-De Toledo,J/Americana 1996/EXT 98 (33)}) 9. Nge2 Be7 (9...
Bd6 10. f3 O-O 11. e4 Be7 $14 {1/2-1/2 Koutsin,S-Rapoport,I/Katowice 1995/CBM
47 ext (25)}) 10. O-O O-O 11. f3 Re8 $146 (11... Nh5 12. Bxe7 Qxe7 13. e4 dxe4
14. fxe4 Rad8 15. Qh3 g6 16. Rad1 Nb6 {1/2-1/2 Vyzmanavin,A-Kuzmin,G/Tashkent
1984/MCD-ch (16)}) 12. Rad1 Nf8 13. Bxf6 Bxf6 14. e4 dxe4 15. fxe4 Ne6 16. e5
Be7 17. Qf5 {The result of the opening-white has advantage in the center and
on the kingside,that allows to prepare an attack.} Rf8 18. Ne4 Qb6 19. Rd3 $1 {
[%csl Rh7][%cal Gd3h3][%mdl 640] White sacrifices all queenside pawns,and
concentrates on bringing pieces to attack the black king.} Rad8 (19... Qxb2 20.
Rh3 g6 21. Qg4 Nxd4 22. N2g3 Rad8 23. Nh5 {[%cal Gh5f6]} f5 24. exf6 Qb6 (24...
Bd6 25. f7+ Rxf7 26. Nhf6+ $18) 25. Kh1 Rf7 26. Rg1 Bd6 27. Ng5 $1 gxh5 28.
Rxh5 Rxf6 29. Nxh7+ $18) 20. Kh1 Qxb2 21. Qg4 {[%csl Yg7][%cal Ge2g3,Yg3f5,
Yg3h5][%mdl 512] As a purpose of an attack white chooses g7-pawn,and intends
to transfer Ne2 to f5,or h5.} Qxa2 22. N2g3 {[%cal Gg3f5,Gg3h5]} Qc4 23. Rc3 $4
({The correct way was to protect d4-pawn:} 23. Rfd1 $1 Kh8 24. Nf5 Rfe8 $142 (
24... Bb4 $2 25. Rh3 Qc2 26. Rf1 Qc4 27. Rxh7+ Kxh7 28. Nf6+ gxf6 29. Qh5+ Kg8
30. Nh6+ Kg7 31. exf6+ $18) 25. Rh3 (25. Ned6 Bxd6 26. Nxd6 Rxd6 27. exd6 $13)
25... Qc2 26. Rg1 Bf8 27. Qh4 h6 28. Ned6 {[%csl Yf7]} Kg8 29. Ne3 Qg6 30. Nxe8
Rxe8 31. Rg3 Be7 32. Qh3 Bg5 33. Nf5 Nf4 34. Qg4 Ne2 35. Qxe2 Qxf5 36. Rf1 $14)
23... Qb5 $19 {[%csl Rf1][%cal Yb5e5,Ge6d4,Ye5g7]} 24. Rcf3 {White should lose
tempo to protect Rf1,and black destroys in time pawn-d4,and then, afterQxe5,
succesfully defends the king.} Nxd4 25. Nh5 Qxe5 26. Nef6+ Bxf6 27. Nxf6+ Kh8
28. Rh3 gxf6 29. Qh4 h5 30. Rxf6 Ne6 0-1

[Event "ISR-ch"]
[Site "Jerusalem"]
[Date "1996.??.??"]
[Round "3"]
[White "Zilberman, Yaacov"]
[Black "Bruk, Ofer"]
[Result "1/2-1/2"]
[WhiteElo "2525"]
[BlackElo "2420"]
[Annotator "King,D"]
[PlyCount "66"]
[EventDate "1996.10.26"]
[EventType "swiss"]
[EventRounds "9"]
[EventCountry "ISR"]
[SourceTitle "CBM 056"]
[Source "ChessBase"]
[SourceDate "1997.02.01"]
[SourceVersion "1"]
[SourceVersionDate "1997.02.01"]
[SourceQuality "1"]

1. d4 e6 2. c4 Nf6 3. Nc3 d5 4. cxd5 exd5 5. Bg5 c6 6. e3 Bf5 7. Qf3 Bg6 8.
Bxf6 Qxf6 9. Qxf6 gxf6 {This variation of the Queens Gambit Exchange has been
rehabilitated over the last few years. Nigel Short has defended the Black side
on several occasions, most notably in his candidates match against Jan Timman
in 1993. If Black plays sensibly then he should have little to fear: the only
weaknesses in the position are the f-pawns, and it is extremely difficult to
attack them, or use the squares in front of them to any great effect.} 10. Nf3
Nd7 11. Kd2 Nb6 12. b3 a5 13. Bd3 Bb4 14. a3 Bxc3+ 15. Kxc3 a4 16. b4 Bxd3 17.
Kxd3 Nc4 18. Nd2 b5 {Black survives after this, but it might have been better
to play} (18... Nd6 $1 {maintaining more central control. Black can clamp the
centre with ...f5, and it is hard to imagine what White can achieve.}) 19. Nxc4
dxc4+ 20. Ke4 Rd8 21. g4 Ke7 22. h4 Rhg8 23. Kf4 Rd5 24. Rhg1 Ke6 25. Rad1 Rgd8
26. f3 f5 27. g5 Rg8 28. e4 fxe4 29. fxe4 Rdd8 30. Ke3 f6 31. Rdf1 Rdf8 32. Rf5
fxg5 33. Re5+ Kd7 1/2-1/2

[Event "GER CupT sf2"]
[Site "Bremen"]
[Date "1996.??.??"]
[Round "?.4"]
[White "Knaak, Rainer"]
[Black "Vaganian, Rafael A"]
[Result "1-0"]
[WhiteElo "2540"]
[BlackElo "2615"]
[Annotator "Knaak,R"]
[PlyCount "101"]
[EventDate "1996.??.??"]
[EventType "team"]
[EventRounds "1"]
[EventCountry "GER"]
[SourceTitle "EXT 2004"]
[Source "ChessBase"]
[SourceDate "2003.11.25"]
[SourceVersion "1"]
[SourceVersionDate "2003.11.25"]
[SourceQuality "1"]
[WhiteTeam "Werder Bremen"]
[BlackTeam "Porz"]
[WhiteTeamCountry "GER"]
[BlackTeamCountry "GER"]

1. d4 e6 2. c4 Nf6 3. Nc3 d5 4. cxd5 exd5 5. Bg5 c6 6. e3 Bf5 7. Qf3 Be6 8.
Bxf6 Qxf6 9. Qxf6 gxf6 10. Bd3 Nd7 11. Nge2 Bd6 12. Ng3 Nb6 13. Nce2 Bb4+ 14.
Kd1 Nc8 15. Nh5 Be7 16. f3 Nd6 17. g4 O-O-O 18. Neg3 $6 (18. Kc2 $142) 18...
Nc4 $1 19. Bxc4 dxc4 20. Kc2 (20. Ke2 c5 21. dxc5 c3 $36) 20... c5 $1 21. dxc5
Rd3 22. Rae1 Rhd8 $1 (22... Bxc5 23. Nf4 $1 Rxe3 (23... Rhd8 24. Nxd3 cxd3+ 25.
Kc3 a5 26. a3 d2 27. Rd1 Bxe3 28. Nf1 $16) 24. Rxe3 Bxe3 25. Nxe6 fxe6 26. Re1
$14) 23. Ne4 (23. Nf4 Rd2+ 24. Kc3 f5 25. Nxf5 Bxf5 26. gxf5 Bf6+ 27. Kxc4 Rc2+
28. Kb4 Rxb2+ 29. Kc4 $11) 23... f5 24. gxf5 Bxf5 25. Nhg3 Bg6 (25... Bxe4 $1
26. Nxe4 f5) 26. f4 R8d5 (26... Bxe4 27. Nxe4 f5 28. Nd6+ Bxd6 29. cxd6 R8xd6
30. e4 Rd2+ 31. Kc3 $11) 27. Kc1 Bxe4 (27... Bxc5 28. Nc3 $4 (28. Nxc5 $142)
28... Rxc3+ 29. bxc3 Ba3#) 28. Nxe4 Bxc5 29. Nxc5 Rxc5 30. Rhg1 Rh5 31. Re2 Kd7
32. Rg8 Ke7 (32... Rh3 $142) 33. Rb8 b5 34. Kc2 Rd8 $2 (34... a6 $11) 35. Rxd8
Kxd8 36. Kc3 Rd5 (36... Kd7 $142) 37. e4 Rd3+ 38. Kb4 a6 39. Kc5 Kc7 40. f5 c3
41. bxc3 Rxc3+ 42. Kd4 b4 43. Rg2 Kb6 $2 (43... Kd7 44. Rg8 Rc2 45. Rb8 a5 46.
Rb7+ Ke8 47. Ke5 Rxa2 48. Kf6 Re2 49. e5 Re1 50. Rb5 (50. Rb8+ Kd7 51. Rb5 Kc6
52. Rxa5 b3) 50... Re2 51. h4 h5 52. Rxa5 b3 53. Rb5 b2 54. Rb8+ Kd7 55. Kg5
Kc7 (55... Rxe5 $2 56. Rxb2 Re4) 56. Rb3 Kd7 57. Kxh5 Rxe5 58. Kg5 Re2 59. Kf6
Rf2 60. h5 (60. Rb4 Ke8) 60... Rh2 $1 $11 61. Kxf7 Rxh5 62. f6 Rh2) 44. e5 a5
45. e6 $1 fxe6 46. f6 Rf3 47. Ke5 h5 48. Kxe6 Re3+ 49. Kd6 Rf3 50. Ke7 Re3+ 51.
Kf8 1-0

[Event "EU-ch 2nd"]
[Site "Ohrid"]
[Date "2001.06.04"]
[Round "4"]
[White "Milov, Vadim"]
[Black "Timoscenko, Gennadij A"]
[Result "1-0"]
[WhiteElo "2605"]
[BlackElo "2531"]
[Annotator "Knaak,R"]
[PlyCount "126"]
[EventDate "2001.06.01"]
[EventType "swiss"]
[EventRounds "13"]
[EventCountry "YUG"]
[SourceTitle "EXT 2006"]
[Source "ChessBase"]
[SourceDate "2005.11.24"]
[SourceVersion "1"]
[SourceVersionDate "2005.11.24"]
[SourceQuality "1"]

{SURVEY OPENING} 1. d4 e6 2. c4 d5 3. Nc3 Be7 4. cxd5 exd5 5. Bf4 Nf6 {[%mdl
32768]} (5... c6 6. Qc2 g6 (6... Bd6 7. Bxd6 Qxd6 8. e3 Qg6 (8... Nf6 9. Bd3
Be6 10. Nge2 Nbd7 11. O-O O-O 12. Rfc1 Rfe8 13. Rab1 Nf8 14. b4 a6 15. Na4 $14
{Beliavsky,A-Geller,E/ Moscow izt 1982}) 9. Qd2 Ne7 10. Nge2 O-O 11. Ng3 Qd6
12. Bd3 Be6 13. O-O Nd7 14. Rad1 f5 15. Nh5 $14 {Azmaiparashvili,Z-Petrosian,A/
Erevan 1989}) (6... Bg4 7. e3 Bh5 8. Nf3 Nd7 9. h3 Bg6 10. Qd2 Ngf6 11. Be2 O-O
12. O-O a5 13. Rfc1 Ne4 14. Nxe4 Bxe4 15. Ne1 Bb4 16. Qd1 a4 17. Nd3 a3 18. b3
Bxd3 19. Bxd3 $14 {Salov,V-Portisch,L/ Linares 1990}) (6... h5 7. h3 g6 8. e3
Bf5 9. Bd3 Bxd3 10. Qxd3 Nd7 11. Nge2 Nf8 12. O-O-O h4 13. f3 b5 14. Kb1 Ne6
15. Be5 Bf6 16. e4 a6 17. f4 $14 {Seirawan,Y-Agdestein,S/ Thessaloniki olm 1988
}) 7. e3 Bf5 8. Qd2 Nf6 (8... h5 9. f3 g5 10. Be5 f6 11. Bg3 h4 12. Bf2 Be6 {
Kramnik,V-Danieljan,O/ URS-qualJ Sochi 1990} 13. Bd3 $1 $14 {>< f5, g6}) (8...
Nd7 9. f3 g5 (9... Nb6 10. e4 Be6 11. e5 $1 $14 {Karpov,An-Kasparov,G/ Wch
London 1986}) 10. Bg3 Bg6 (10... h5 11. e4 h4 12. Bf2 Be6 13. Bd3 Nb6 14. Nge2
{Semkov-Geller/ Plovdiv 1988} Qd7 $5 $14) 11. Bd3 Ngf6 12. Bf2 $1 (12. Nge2 Nh5
13. Bf2 Ng7 14. e4 Nb6 15. O-O O-O {1/2-1/2 Razuvaev-Geller/ Sochi-A 1989})
12... Nh5 13. g4 Ng7 14. Nge2 $14 {/\ Ng3 ><f5}) 9. f3 c5 (9... h5 10. Bd3 Bxd3
11. Qxd3 Nbd7 12. Nge2 O-O 13. e4 dxe4 14. fxe4 Nc5 15. Qf3 Ne6 16. O-O-O Nxf4
17. Nxf4 $14 {()[+] Gurevich,M-Geller/ Moscow-A 1987}) (9... O-O 10. Nge2 (10.
g4 $5 Be6 11. h4 c5 12. Bd3 Nc6 13. Nge2 {Howell}) 10... Nbd7 11. g4 Be6 12.
Ng3 c5 {Howell-Diaz/ Frunze 1989} 13. O-O-O cxd4 14. exd4 Ne8 15. Kb1 Rc8 $132
{+/=}) 10. Bh6 cxd4 11. exd4 Nc6 (11... a6 12. g4 Be6 13. Nge2 Nbd7 $6 (13...
Nc6 14. Bg2 Bf8 15. O-O Bxh6 16. Qxh6 Qb6 17. Rad1 O-O-O 18. Rd2 $14 {Kasparov}
) 14. Bg2 Nb6 15. b3 Rc8 16. O-O Rc6 17. h3 $16 {Kasparov-Short/ Thessaloniki
olm 1988}) 12. g4 (12. Bb5 $1 $16 {Kasparov}) 12... Be6 13. Bb5 (13. Nh3 {
/\ Nf4+/= Beliavsky}) 13... Nd7 14. O-O-O Rc8 15. Nge2 a6 16. Bxc6 Rxc6 17. Kb1
Nb6 $13 {Gulko-Beliavsky/ Linares 1989}) 6. e3 O-O (6... Bf5 7. Qb3 Nc6 8. a3
$1 Rb8 9. Nf3 O-O 10. Be2 a6 11. O-O b5 12. Ne5 Na5 13. Qd1 Rb6 14. Bd3 Bxd3
15. Nxd3 Nc4 16. Nb1 $1 $14 {/\ b3 Spraggett,K-Jussupow,A/ Hastings-A 1989}) (
6... c6 7. Bd3 Nbd7 8. h3 Nf8 9. Nf3 Ng6 (9... Ne6 10. Be5 O-O 11. Qc2 g6 12.
O-O Ng7 13. Bxf6 (13. Rab1 $1) 13... Bxf6 14. b4 $14 {Miles,A-Botterill,G/
London 1981}) 10. Bg3 Bd6 11. Ne5 Qc7 12. f4 $16 {Lputian,S-Petrosian,A/
Erevan 1986}) 7. Bd3 c5 (7... Bd6 8. Bg5 c6 9. Nf3 Re8 10. Qc2 h6 11. Bh4 a5
12. O-O Nbd7 13. Rae1 $14 {Keres,P-Kurajica,B/ Kapfenberg 1970}) (7... b6 8.
Nf3 c5 9. Ne5 Bb7 10. Qf3 Nbd7 11. O-O a6 12. Qh3 g6 13. Bh6 Re8 14. f4 $16 {
Tal,M-Abramovic,B/ Moscow 1982}) 8. Nf3 Nc6 9. O-O c4 $1 (9... cxd4 10. Nxd4
Bg4 (10... Nxd4 11. exd4 Be6 12. a3 Rc8 13. h3 Ne8 14. Qc2 h6 15. Qe2 Nd6 16.
Qh5 $16 {Bern-Bus/ Tastrup-B 1990}) 11. Qa4 Nxd4 $6 (11... Qb6 12. Qb5 $1 $14 {
Kasparov}) 12. Qxd4 Qd7 13. h3 Be6 14. Rfd1 Rfc8 15. Be5 $14 {Kasparov,G-Tal,M/
Skelleftea 1989}) (9... Bg4 10. dxc5 Bxc5 11. h3 $1 Bxf3 12. Qxf3 d4 13. Ne4
Be7 $1 (13... Nxe4 $2 14. Bxe4 dxe3 15. Qh5 $1 exf2+ 16. Kh1 f5 17. Bxf5 g6 18.
Bxg6 hxg6 19. Qxg6+ Kh8 {Georgadze,G-Salamberidze/ URS 1987} 20. Qh5+ Kg8 21.
Qg4+ Kh8 22. Rad1 Qf6 (22... Bd4 23. Be3 $18) 23. Rd5 $18) 14. Rad1 (14. Rfd1
$1 $14) 14... Qa5 $1 15. Ng3 $5 dxe3 16. fxe3 Qxa2 $1 $13 {Kasparov,G-Karpov,A/
Wch London 1986}) 10. Bc2 (10. Be2 $1 Nh5 $1 11. Be5 f6 12. Bg3 Nxg3 13. hxg3
Be6 14. Qc2 Rc8 15. Rad1 (15. a3 $5) 15... Bb4 $1 (15... Qd7 16. a3 Na5 17. e4
dxe4 18. d5 Bf7 19. Qxe4 $14 {Salov,V-Kruppa,Y/ URS-FL Irkutsk 1986}) 16. e4
Ne7 17. e5 Nc6 18. a3 (18. Rfe1 $5) 18... Ba5 19. Qd2 fxe5 20. Nxe5 Nxe5 21.
dxe5 $13 {Kozlov,V-Kruppa,Y/ Frunze 1988}) 10... Bg4 11. h3 Bh5 12. g4 Bg6 13.
Ne5 Bb4 14. Bg5 Bxc3 15. bxc3 Bxc2 16. Qxc2 Re8 17. Bxf6 Qxf6 18. f4 Qe6 19.
Rae1 f6 20. Nf3 b5 21. Nd2 b4 22. e4 bxc3 23. Qxc3 dxe4 24. Rxe4 Qd5 25. Rfe1
Rxe4 26. Rxe4 Rd8 27. Qxc4 Qxc4 28. Nxc4 Kf7 29. Kf2 Nxd4 30. Re3 Nc6 31. Rc3
Rd7 32. Ne3 Ne7 33. Ra3 Nc6 34. Rc3 Ne7 35. Kf3 Ke8 36. Ke4 Rd2 37. a3 Rd6 38.
Rb3 Ra6 39. Nc4 f5+ 40. gxf5 Kd8 41. Rb5 Rc6 42. Rb4 Rc5 43. Nd6 Rc3 44. Ra4
Rxh3 45. Rxa7 Rh1 46. a4 Re1+ 47. Kf3 Rd1 48. Nf7+ Ke8 49. Ne5 Nxf5 50. a5 Ra1
51. a6 Nd6 52. Nc6 Nc8 53. Rxg7 h5 54. a7 Ra3+ 55. Kf2 Ra4 56. Ke3 Ra3+ 57. Kd4
h4 58. Rc7 Nb6 59. Re7+ Kf8 60. Rb7 Na8 61. Rb8+ Kg7 62. Rxa8 h3 63. Rb8 h2 1-0

[Event "EU-ch 13th"]
[Site "Plovdiv"]
[Date "2012.03.28"]
[Round "8"]
[White "Jobava, Baadur"]
[Black "Fridman, Daniel"]
[Result "1-0"]
[WhiteElo "2706"]
[BlackElo "2653"]
[Annotator "Krasenkow,M"]
[PlyCount "93"]
[EventDate "2012.03.20"]
[EventType "swiss"]
[EventRounds "11"]
[EventCountry "BUL"]
[SourceTitle "CBM 148"]
[Source "ChessBase"]
[SourceDate "2012.05.16"]
[SourceVersion "1"]
[SourceVersionDate "2012.05.16"]
[SourceQuality "1"]

1. d4 d5 2. c4 e6 3. Nc3 Be7 4. Bf4 Nf6 5. e3 O-O 6. a3 b6 7. Nb5 $146 (7. g4 {
- see Mamedyarov - Sargissian in CBM 144. And here is a new example:} dxc4 8.
Qf3 Nd5 9. Bxc4 c6 10. Nge2 Ba6 11. Bxa6 Nxa6 12. h4 Rc8 13. g5 Nxf4 14. Nxf4
Nc7 15. Nh5 Nd5 16. Ne2 c5 17. e4 Nc7 18. Rd1 Qd6 19. Nf6+ Bxf6 20. gxf6 cxd4
21. Nxd4 Rfd8 $13 {1-0 Sokolov,I (2653)-Larsen,K (2321)/Reykjavik ISL 2012/The
Week in Chess 905 (37)}) 7... Na6 8. Nf3 Bb7 9. Rc1 (9. Be2 {was played on the
next day by GM Nikita Vitiugov:} dxc4 10. Bxc4 c6 11. Nc3 b5 12. Be2 b4 13.
Bxa6 Bxa6 14. axb4 Qb6 15. Qa4 Bb7 16. O-O Qxb4 17. Qxb4 Bxb4 18. Rfc1 Rfc8 19.
Na4 Ba6 20. Ne5 Bb5 21. Nc4 Ne4 $11 {1/2 Vitiugov,N (2709)-Matlakov,M (2632)/
Plovdiv BUL 2012/The Week in Chess 908 (40)}) 9... dxc4 (9... c6 10. Nc3 c5 {
looks more logical and apparently leads to equality.}) 10. Bxc4 Nd5 (10... c6
11. Nc3 b5 12. Be2 b4 {deserves attention here. Apparently Black has lost a
tempo compared to Vitiugov - Matlakov but in fact the absence of White's rook
on a1 may be favourable for him, and he manages to push c6-c5 without problems.
The question is whether it is enough for equality as White can obtain strong
pressure along the central files, e.g.} 13. axb4 Nxb4 14. O-O c5 15. dxc5 Bxc5
16. Qb3 (16. Na2 $5) 16... Rc8 17. Rfd1 Qe7 18. Na4 Bd5 19. Qa3 Nc2 20. Qd3 Nb4
21. Qb5 Bd6 22. Bxd6 Qxd6 23. Nc3 $14) 11. Be5 c6 12. Nc3 Nxc3 13. Rxc3 b5 14.
Bd3 b4 15. Rc1 c5 (15... bxa3 16. bxa3 Bxa3 17. Ra1 Bb4+ 18. Ke2 Nc7 19. Bxh7+
$1 Kh8 20. Bd3 $14) 16. h4 $5 {[%mdl 128] Very aggressive.} (16. O-O {was good
enough to keep the initiative, e.g. after} bxa3 17. bxa3 cxd4 18. Bxd4 {
[%csl Ra6]}) 16... h6 (16... bxa3 17. Ng5 $1 (17. bxa3 cxd4 (17... f6 18. Ng5)
18. Bxd4 Qa5+ 19. Kf1 Nc5 $1 20. Bxh7+ Kxh7 21. Ng5+ Kg8 22. Qh5 {doesn't work
due to} Be4 23. Nxe4 Qa6+) 17... h6 {- see below}) 17. Ng5 $5 cxd4 $6 (17...
Bxg5 $2 18. hxg5 Qxg5 19. Rh3 $1 $16 {[%cal Rh3g3]}) (17... bxa3 $1 {was
probably the refutation of White's concept:} 18. Qh5 $5 (18. bxa3 cxd4 19. Bxd4
Bxa3 {is hardly good for White either.}) 18... Bf6 $1 (18... axb2 $143 19. Rb1
Bf6 20. Rxb2 Bxe5 21. Rxb7 Qa5+ 22. Kf1 Nb4 (22... Rab8 23. Rxf7 Qa1+ 24. Ke2
Qb2+ 25. Kf3 $13) 23. Nxf7 $1 Qa1+ 24. Ke2 Qa2+ 25. Kf1 $11) 19. Bxf6 (19. Bh7+
Kh8 20. Nxf7+ Rxf7 21. Qxf7 axb2 $1 22. Rb1 Qa5+ 23. Ke2 Bxe5 24. Qxb7 Rb8 $17)
19... axb2 $1 20. Rb1 (20. Qxh6 bxc1=Q+ 21. Ke2 Qb2+ 22. Kf1 Qxf2+ $1 23. Kxf2
Qxf6+) 20... Qxf6 {, and Black successfully parries White's attack as} 21. Nh7
(21. Rxb2 Nb4) 21... Qe7 22. Nxf8 c4 $1 23. Bh7+ Kxf8 24. Rxb2 Bxg2 25. Rg1 Qa3
$1 26. Rb1 Bd5 {is rather favourable for Black. Of course, all this can hardly
be found over the board so the Georgian GM's decision was justified in
practical terms.}) 18. Qh5 $1 {[%cal Rh5h6]} Bf6 $8 19. Bxf6 (19. Bh7+ $1 Kh8
20. Nxf7+ Rxf7 21. Qxf7 Bxe5 22. Qxb7 dxe3 23. fxe3 bxa3 24. bxa3 Rb8 25. Qe4
$16 {Here you see the crucial difference from the 17...bxa3 line: instead of
Black's pawn on b2, there is White's on a3. After the text move, too, White
gets a more favorable position than in the 17...bxa3 line.}) 19... Qxf6 20. Nh7
Qd8 21. Nxf8 dxe3 22. Bh7+ Kxf8 $6 {[%csl Rf8]} (22... Kh8 $142 $1 23. O-O Qxf8
24. Qb5 $1 (24. fxe3 f5 25. Bg6 bxa3 26. bxa3 Qxa3 $13) 24... exf2+ 25. Rxf2
Qe7 26. Bb1 $14 {[%csl Ra6]}) 23. O-O e2 $6 {Black avoids opening the f-file
but White now collects this pawn and keeps a material advantage without
conceding any compensation.} (23... Qb6 $142 $1 24. fxe3 f5 $1 {, and White's
king is exposed, too.}) 24. Rfe1 bxa3 25. bxa3 f5 $6 {[%csl Re6]} (25... Qd2
26. Bb1 $16) (25... Qe7 $142 26. Qxe2 (26. Rxe2 Qxa3) 26... Nc7 $1 {[%cal
Yc7d5]} (26... Qxa3 27. Ra1 Qd6 28. Be4 Nc5 29. Bxb7 Nxb7 30. Qe4 $18 {[%cal
Re4b7,Re4h7]}) (26... Qxh4 27. Rb1 $1 $18) 27. Be4 Bxe4 28. Qxe4 Nd5 $16) 26.
Qxe2 Qd5 27. f3 Qd4+ 28. Qe3 {The endgame is winning but} (28. Kf1 $1 Nc5 29.
Red1 Qa4 30. Qe5 Rc8 31. Kg1 $1 {[%csl Rc5] ended the game on the spot.}) 28...
Qxe3+ 29. Rxe3 Kf7 30. Rb3 Bd5 31. Rb5 Rd8 32. h5 Kf6 33. Bg6 Rd7 34. Kf2 Ke7
35. Ra5 Rd6 36. Rc8 Rb6 37. Bxf5 Bb7 38. Rg8 exf5 39. Rxg7+ Kf6 (39... Kf8 40.
Rxb7 Rxb7 41. Rxa6 $18 {_|_}) 40. Rg6+ Ke7 41. Re5+ Kd7 42. Rxb6 axb6 43. Rxf5
Nc5 (43... Ke7 44. Rb5) 44. Rf6 b5 45. Rxh6 Nd3+ 46. Ke3 Ne1 47. Rh7+ 1-0